WandaVision Episode one (2021) character screen time - Statistics

General Stats
  • This quiz has been taken 54 times
  • The average score is 4 of 6
Answer Stats
screen time Answer % Correct
12:30 Wanda Maximoff
100%
11:30 Vision
98%
2:45 Agnes
78%
5:15 Mr. Hart
56%
4:00 Mrs. Hart
56%
1:15 Norm
32%
No matching quizzes found
Score Distribution
Percent of People with Each Score
Percentile by Number Answered
Your Score History
You have not taken this quiz